<?xml version="1.0" encoding="UTF-8"?>
<record
    xmlns:xsi="http://www.w3.org/2001/XMLSchema-instance"
    xsi:schemaLocation="http://www.loc.gov/MARC21/slim http://www.loc.gov/standards/marcxml/schema/MARC21slim.xsd"
    xmlns="http://www.loc.gov/MARC21/slim">

  <leader>03013cam a2200241 i 4500</leader>
  <datafield tag="020" ind1=" " ind2=" ">
    <subfield code="a">9781625275868 (hardback)</subfield>
  </datafield>
  <datafield tag="040" ind1=" " ind2=" ">
    <subfield code="c">DLC</subfield>
  </datafield>
  <datafield tag="082" ind1="0" ind2="0">
    <subfield code="a">658 BOS 2015 A113 Or.</subfield>
  </datafield>
  <datafield tag="100" ind1="1" ind2=" ">
    <subfield code="a">Reeves, Martin.</subfield>
  </datafield>
  <datafield tag="245" ind1="1" ind2="0">
    <subfield code="a">Your strategy needs a strategy :</subfield>
    <subfield code="b">how to choose and execute the right approach /</subfield>
  </datafield>
  <datafield tag="300" ind1=" " ind2=" ">
    <subfield code="a">271 pages :</subfield>
    <subfield code="b">illustrations ;</subfield>
    <subfield code="c">25 cm</subfield>
  </datafield>
  <datafield tag="500" ind1=" " ind2=" ">
    <subfield code="a">Includes index.</subfield>
  </datafield>
  <datafield tag="520" ind1=" " ind2=" ">
    <subfield code="a">"What approach does your company use to develop and execute its strategy?  We are confronted with a plethora of different approaches and frameworks which purport to answer this question-from the classic Michael Porter approach to Kim and Mauborgne's blue ocean strategy to Steve Jobs' "build it and they will come" philosophy.  The answer? There is no one approach that works for everyone-but there is a best approach for your specific context.  And it has never been more important to choose the right one: not only has the number of different approaches proliferated ten-fold over the past 40 years, but the environments in which executives must formulate and execute strategy have become increasingly diverse and complex. The difference between winning and losing has never been greater.  And using the right approach pays off: firms that successfully match their approach to their environment realize significantly better returns than those who don't. And, they avoid the common frustrations stemming from lack of perceived relevance and engagement around on the strategy process. How you choose and execute the right approach is the focus of this book.  From Global BCG strategy experts Martin Reeves, Knut Haan&#xE6;s, Janmejaya Sinha (and based on the bestselling article in Harvard Business Review), Your Strategy Needs a Strategy offers a practical guide to help you to match your approach to strategy to your environment and execute it effectively, to combine different approaches for companies which operate in multiple environments, and to lead your organization in making better strategic choices. Organizing approaches into five strategic archetypes-Be Big, Be Fast, Be First, Be the Orchestrator, Be Viable-the authors explain the conditions under which each is appropriate, when and how to execute each one, and how to avoid common strategy traps. They richly illustrate the idea with interviews with CEOs from different industries from around the globe.  For anyone leading a business or charged with developing a winning strategy this book is for you. The world of strategy is thick with opposing ideas and frameworks; Your Strategy Needs a Strategy will help you cut through the noise and find clarity on which approach is your best bet"--</subfield>
  </datafield>
  <datafield tag="650" ind1=" " ind2="0">
    <subfield code="a">Strategic planning.</subfield>
  </datafield>
  <datafield tag="650" ind1=" " ind2="0">
    <subfield code="a">Leadership.</subfield>
  </datafield>
  <datafield tag="650" ind1=" " ind2="7">
    <subfield code="a">BUSINESS &amp; ECONOMICS / Strategic Planning.</subfield>
  </datafield>
  <datafield tag="650" ind1=" " ind2="7">
    <subfield code="a">BUSINESS &amp; ECONOMICS / Leadership.</subfield>
  </datafield>
  <datafield tag="650" ind1=" " ind2="7">
    <subfield code="a">BUSINESS &amp; ECONOMICS / Management.</subfield>
  </datafield>
  <datafield tag="650" ind1=" " ind2="7">
    <subfield code="a">BUSINESS &amp; ECONOMICS / Economics / General.</subfield>
  </datafield>
  <datafield tag="700" ind1="1" ind2=" ">
    <subfield code="a">Haanaes, Knut.</subfield>
  </datafield>
  <datafield tag="700" ind1="1" ind2=" ">
    <subfield code="a">Sinha, Janmejaya Kumar,</subfield>
  </datafield>
  <datafield tag="942" ind1=" " ind2=" ">
    <subfield code="c">EK</subfield>
  </datafield>
  <datafield tag="999" ind1=" " ind2=" ">
    <subfield code="c">17377</subfield>
    <subfield code="d">17377</subfield>
  </datafield>
  <datafield tag="952" ind1=" " ind2=" ">
    <subfield code="0">0</subfield>
    <subfield code="1">0</subfield>
    <subfield code="4">0</subfield>
    <subfield code="6">658_000000000000000_BOS_2015_A113_OR</subfield>
    <subfield code="7">0</subfield>
    <subfield code="9">75502</subfield>
    <subfield code="a">LBA</subfield>
    <subfield code="b">LBA</subfield>
    <subfield code="c">A113</subfield>
    <subfield code="d">2018-11-19</subfield>
    <subfield code="o">658 BOS 2015 A113 Or.</subfield>
    <subfield code="p">A37840</subfield>
    <subfield code="r">2018-11-19</subfield>
    <subfield code="y">EK</subfield>
  </datafield>
</record>
